• 首页
  • 本馆介绍
  • 公告通知
  • 最新文献
  • 馆藏检索
  • 电子资源
  • 读者导购
  • 参考咨询
  • 我的图书馆
  • 登录
  • 详细信息显示
  • 放入我的书架
  • 预约/预借图书
  • 作者相关作品
  • 分类相关作品
  • 丛书相关作品
  • 出版社相关作品

书目信息

  • 表格格式
  • 工作单格式
  • 卡片格式
题名:
计算机辅助光学设计的理论与应用
    
 
作者: 李林 , 安连生 编著
分册:  
出版信息: 北京   国防工业出版社  2002
页数: 20,292页
开本: 21cm
丛书名:
单 册:
中图分类: TH740.2
科图分类:
主题词: 光学系统--计算机辅助设计
电子资源:
ISBN: 7-118-02699-9
000 00890nam0 2200253 45
001 0000087618
005 20050920101614.98
010    @a7-118-02699-9@b精装@dCNY22.00
100    @a20050107d2002 ekmy0chiy0120 ea
101 0  @achi@eeng
102    @aCN@b110000
105    @aak az 000yy
200 1  @a计算机辅助光学设计的理论与应用@9ji suan ji fu zhu guang xue she ji de li lun yu ying yong@f李林,安连生编著@Fli lin,an lian sheng bian zhu
210    @a北京@c国防工业出版社@d2002
215    @a20,292页@c图@d21cm
320    @a有书目
330    @a本书介绍了光学系统像质评价,光学传递函数计算,变焦距系统设计,光学系统的公差分析与计算,环境温度分析与无热设计等8章内容。
606 0  @a光学系统@x计算机辅助设计
690    @aTH740.2@v4
701  0 @a李林@Ali lin@4编著
701  0 @a安连生@Aan lian sheng@4编著
801  0 @aCN@bTSSF@c20050920
905    @a10447@dTH740.2@e29
999    @aHSJ
    
    计算机辅助光学设计的理论与应用/李林,安连生编著.-北京:国防工业出版社,2002
    20,292页:图;21cm
    
    
    ISBN 7-118-02699-9(精装):CNY22.00
    本书介绍了光学系统像质评价,光学传递函数计算,变焦距系统设计,光学系统的公差分析与计算,环境温度分析与无热设计等8章内容。
●
相关链接 在E读中查询图书 在五车中查询图书 在当当中查询图书 在豆瓣中查询图书


正题名:计算机辅助光学设计的理论与应用     索取号:TH740.2/29         预约/预借

序号 登录号 条形码 馆藏地/架位号 状态 备注
1 0362208   3622084   第二样本阅览室/ [索取号:TH740.2/29] 在馆    
2 0362209   3622093   第三借阅区/ [索取号:TH740.2/29] 在馆    
3 0362210   3622100   第三借阅区/ [索取号:TH740.2/29] 在馆    
4 0362211   3622119   密集书库/ [索取号:TH740.2/29] 在馆    
5 0362212   3622128   密集书库/ [索取号:TH740.2/29] 在馆    
6 0362213   3622137   密集书库/ [索取号:TH740.2/29] 在馆    
7 0362214   3622146   第三借阅区/ [索取号:TH740.2/29] 在馆    
8 0362215   3622155   第三借阅区/ [索取号:TH740.2/29] 在馆    
唐山师范学院图书馆 欢迎您!
大连网信软件有限公司© 版权所有